European treasures (Record no. 6989)

MARC details
000 -CABECERA
campo de control de longitud fija 01213nam a2200301 a 4500
001 - NÚMERO DE CONTROL
campo de control BRCA_7313
005 - FECHA Y HORA DE LA ÚLTIMA TRANSACCIÓN
campo de control 20190321142923.0
008 - DATOS DE LONGITUD FIJA--INFORMACIÓN GENERAL
campo de control de longitud fija 040712s2010----u--a######---#000-0#eng-#
020 ## - NÚMERO INTERNACIONAL ESTÁNDAR DEL LIBRO
Número Internacional Estándar del Libro 097853834X
020 ## - NÚMERO INTERNACIONAL ESTÁNDAR DEL LIBRO
Número Internacional Estándar del Libro 9780978538347
041 ## - CÓDIGO DE LENGUA
Código de lengua del texto/banda sonora o título independiente engspa
044 ## - CÓDIGO DEL PAÍS DE LA ENTIDAD EDITORA/PRODUCTORA
Código MARC del país u
050 #4 - SIGNATURA TOPOGRÁFICA DE LA BIBLIOTECA DEL CONGRESO
Número de documento/Ítem .E97 2010
245 10 - MENCIÓN DE TÍTULO
Título European treasures
Resto del título international Gothic through realism = Tesoros europeos : gótico internacional hasta el realismo
Mención de responsabilidad, etc. edited by Molly Huber ; designed by Anne M. Giangiulio ; translated by Amanda Reta-Cabezut and Nanette E. Girón ; photographed by Marty Snortum Studios.
260 ## - PUBLICACIÓN, DISTRIBUCIÓN, ETC.
Lugar de publicación, distribución, etc. Dallas, Texas
Nombre del editor, distribuidor, etc. El Paso Museum of Art Foundation
Fecha de publicación, distribución, etc. 2010
300 ## - DESCRIPCIÓN FÍSICA
Extensión 312 p.
Otras características físicas il. a color
Dimensiones 29 cm.
500 ## - NOTA GENERAL
Nota general Incluye notas de ensayo y referencias
546 ## - NOTA DE LENGUA/LENGUAJE
Nota de lengua/lenguaje Texto en: inglés y español
650 14 - PUNTO DE ACCESO ADICIONAL DE MATERIA--TÉRMINO DE MATERIA
Término de materia o nombre geográfico como elemento de entrada Pintura europea
Subdivisión de forma Catálogos
9 (RLIN) 6299
650 14 - PUNTO DE ACCESO ADICIONAL DE MATERIA--TÉRMINO DE MATERIA
Término de materia o nombre geográfico como elemento de entrada Pintura, Renacimiento
Subdivisión de forma Catálogos
9 (RLIN) 18078
700 1# - PUNTO DE ACCESO ADICIONAL--NOMBRE DE PERSONA
Nombre de persona Huber, Molly
Término indicativo de función/relación ed.
9 (RLIN) 18079
700 1# - PUNTO DE ACCESO ADICIONAL--NOMBRE DE PERSONA
Nombre de persona Giangiulio, Anne M.
9 (RLIN) 18080
700 1# - PUNTO DE ACCESO ADICIONAL--NOMBRE DE PERSONA
Nombre de persona Reta-Cabezut, Amanda
Término indicativo de función/relación tr.
9 (RLIN) 18081
700 1# - PUNTO DE ACCESO ADICIONAL--NOMBRE DE PERSONA
Nombre de persona Girón, Nanette E.
Término indicativo de función/relación tr.
9 (RLIN) 18082
710 2# - PUNTO DE ACCESO ADICIONAL--NOMBRE DE ENTIDAD CORPORATIVA
Nombre de entidad corporativa o nombre de jurisdicción como elemento de entrada El Paso Museum of Art
9 (RLIN) 18083
740 0# - PUNTO DE ACCESO ADICIONAL--TÍTULO RELACIONADO O ANALÍTICO NO CONTROLADO
Título relacionado o analítico no controlado Tesoros europeos : gótico internacional hasta el realismo
942 ## - ELEMENTOS DE PUNTO DE ACCESO ADICIONAL (KOHA)
Fuente del sistema de clasificación o colocación Library of Congress Classification
Tipo de ítem Koha Libros
Holdings
Estado de retiro Estado de pérdida Estado dañado No para préstamo Localización permanente Ubicación/localización actual Fecha de adquisición Total de préstamos Signatura topográfica completa Código de barras Fecha visto por última vez Precio válido a partir de Tipo de ítem Koha
El ejemplar forma parte de la colección y puede ser consultado según las políticas vigentes.       Biblioteca del Museo Franz Mayer (Rogerio Casas-Alatriste) Biblioteca del Museo Franz Mayer (Rogerio Casas-Alatriste) 04/07/2012   .E97 2010 00663 22/03/2019 22/03/2019 Libros